| 000 | 00828nam a2200277Ia 4500 | ||
|---|---|---|---|
| 003 | OSt | ||
| 005 | 20221006153325.0 | ||
| 006 | a|||||r|||| 00| 0 | ||
| 007 | ta | ||
| 008 | 221006b |||||||| |||| 00| 0 jpn d | ||
| 020 |
_a9784130262118 _c¥5800 |
||
| 024 | _a31,993 | ||
| 037 |
_bGift, Toshiba International Foundation _cTextual |
||
| 040 |
_aEASL _cEASL _bjpn |
||
| 041 |
_2jpn _ajpn |
||
| 082 | _aY31.42.N, P6 | ||
| 100 |
_aNISHIDA Yoshiaki Ed. _9653001 |
||
| 245 | 0 | _a20 Seiki nihon no nomin to noson | |
| 260 |
_aTokyo _bTokyo Daigaku Japan _c2005 |
||
| 300 |
_a296p. _ccm. |
||
| 490 | _v JL | ||
| 650 | _aJL | ||
| 700 |
_a WASWO Ann Ed. _9651119 |
||
| 942 |
_hY31.42.N, P6 _cTEXL _2CC |
||
| 999 |
_c1100079 _d1100079 |
||